000 01132nam0a22002891 4500
001 v19\rc\1609703
005 20260406085854.0
035 _a(NLR Aleph) 005238901
090 _a5683521
_c5683521
100 _a20061002d1897 |||y0rusy50 ca
101 1 _arus
_ceng
102 _aRU
105 _ay z |||||
200 1 _aОгюст Конт и позитивизм
_eСт. Д.С. Милля, Г. Спенсера и Л. Уорда
_eС прил. портр. О. Конта
_fПер. Н.Н. Спиридонова
210 _aМосква
_cМаг. "Кн. дело"
_d1897
215 _aXII, 331 с.
_d19
700 1 _7ca
_8rus
_aМилль
_bД. С.
_f1806-1873
_gДжон Стюарт
_939299
_3RU\NLR\AUTH\7756367
701 1 _aСпенсер
_bГ.
_f1820-1903
_gГерберт
701 1 _aУорд
_bЛ.Ф.
_f1841-1913
_gЛестер Франк
702 1 _aСпиридонов
_bН.Н.
_4730
702 1 _aКонт
_bО.
_f1798-1857
_gОгюст
_4570
801 0 _aRU
_bNLR
_c20061002
_gpsbo
801 1 _aRU
_bProSoft-M
_c20061002
_2rusmarc
801 2 _aRU
_bNLR
_c20080610
_2rusmarc
852 _aNLR
_j20.86.6.3
942 _cBOOK
980 _aNB